000 03330nam a2200289Ia 4500
003 OSt
005 20210205154830.0
008 191128s2009 ck ad fr 000 0dspa d
020 _a9789589136454
040 _aCO-JMCR
_cCO-JMCR
041 0 _aspa
082 0 4 _a332.642 /
_bS817i
_223
100 1 _aSuárez Montoya, Aurelio,
_eautor
_94240
245 1 3 _aEl infarto de Wall Street: 2008 :
_beconomía de los Estados Unidos /
_cAurelio Súarez Montoya
250 _aPrimera edición
260 _aBogotá :
_bEdiciones Aurora,
_c2009
300 _a307 páginas :
_bgráficas a blanco y negro ;
_c21 cm.
500 _aIncluye datos biográficos del autor en solapa frontal, notas a pie de página y glosario.
504 _aBibliografía: páginas 297-305
505 0 _aBreve historia económica de Estados Unidos -- Primer período. De la guerra y de la unión hasta el siglo XX -- Segundo periodo. De 1900 a 1929. Cómo se apuntaló a una superpotencia -- Tercer período. Desde el crac de 1929 hasta Bretton Woods, hasta la cima del capitalismo mundial -- Cuarto periodo. Del neocolonialismo al colapso de la Guerra Fría -- Quinto período. La globalización norteamericana neoliberal, desde 1989 hasta el infarto de Wall Street (2008) -- Sexto período. El infarto de Wall Street (2008-?) -- Un método para analizar la crisis -- Las contradicciones propias del capitalismo -- La segunda contradicción. Las propias del capital financiero -- Las contradicciones de la globalización -- Las contradicciones propias de Estados Unidos
520 3 _aLa historia del desarrollo del capitalismo en los Estados Unidos, que Aurelio Suárez Montoya entrega en el presente texto, es pieza fundamental para explicar la crisis global de finales del primer decenio del siglo XXI. Así mismo, el autor presenta un método de análisis que permite entender las razones y explicar las consecuencias de los abruptos cambios que se dan periódicamente en la economía, para lo cual estudia con atención las cuatro órbitas de contradicciones que los estimulan: las propias del capitalismo, las de la forma del capital predominante "el financiero", las de la globalización neoliberal y las de Estados Unidos. Se señala en la obra el actual reto histórico de Barack Obama: unificar una sociedad hondamente fracturada y en contradicción con otros poderes como Europa, Rusia, Japón, China e India. Y se concluye que "el final dependerá de si las contradicciones internas hacen implosión y harán desaparecer las externas o si estas últimas violentarán la explotación de las primeras". Suárez Montoya es un destacado y cuidadoso investigador que ha tenido notable éxito entre el público en los tres textos que preceden a este: Modelo de FMI. Economía colombiana 1990-2000, crítica al Alca. La recolonización y El modelo agrícola colombiano y los alimentos en la globalización. El buen estilo pedagógico del escrito hace ameno el relato del infarto de Wall Street, 2008 y de las circunstancias que lo han rodeado, valioso para comprender nuestro mundo contemporáneo.
650 1 4 _aCrisis económica
_y2008
_zEstados Unidos
_95919
650 1 4 _aPolítica económica
_zEstados Unidos
_95920
650 1 4 _aEconomía
_xhistoria
_95921
651 _aEstados Unidos
_xCondiciones económicas
_y2008
_95922
942 _2ddc
_cBK
999 _c5660
_d5660